Countries of the World by Similar Population in 30 Seconds - Statistics

General Stats
  • This quiz has been taken 135 times
  • The average score is 178 of 196
Answers on the Map
Answers color-coded by a green-red scale on the quiz's map according to % correct below.
 
Answer Stats
Answer % Correct
Brazil|Nigeria|Bangladesh|Russia|Mexico|Japan|Ethiopia|Philippines|Egypt|Vietnam|Democratic Republic of the Congo|Turkey|Iran|Germany|Thailand|United Kingdom|France|Tanzania|Italy|South Africa
98%
Democratic Republic of the Congo|Turkey|Iran|Germany|Thailand|United Kingdom|France|Tanzania|Italy|South Africa|Kenya|Myanmar|South Korea|Colombia|Uganda|Spain|Argentina|Sudan|Algeria|Ukraine|Iraq|Afghanistan|Canada|Poland|Morocco|Saudi Arabia|Uzbekistan|Angola|Peru|Malaysia|Mozambique|Ghana|Yemen|Nepal|Venezuela|Madagascar|Cameroon|Ivory Coast|North Korea|Australia|Niger|Taiwan
98%
Egypt|Vietnam|Democratic Republic of the Congo|Turkey|Iran|Germany|Thailand|United Kingdom|France|Tanzania|Italy|South Africa|Kenya|Myanmar|South Korea|Colombia|Uganda|Spain|Argentina|Sudan|Algeria|Ukraine|Iraq|Afghanistan|Canada|Poland|Morocco|Saudi Arabia|Uzbekistan|Angola|Peru|Malaysia|Mozambique|Ghana|Yemen|Nepal|Venezuela|Madagascar
98%
Ethiopia|Philippines|Egypt|Vietnam|Democratic Republic of the Congo|Turkey|Iran|Germany|Thailand|United Kingdom|France|Tanzania|Italy|South Africa|Kenya|Myanmar|South Korea|Colombia|Uganda|Spain|Argentina|Sudan|Algeria|Ukraine|Iraq|Afghanistan|Canada|Poland|Morocco|Saudi Arabia|Uzbekistan|Angola|Peru|Malaysia|Mozambique|Ghana
98%
Ethiopia|Philippines|Egypt|Vietnam|Democratic Republic of the Congo|Turkey|Iran|Germany|Thailand|United Kingdom|France|Tanzania|Italy|South Africa|Kenya|Myanmar|South Korea|Colombia|Uganda|Spain|Argentina|Sudan|Algeria|Ukraine|Iraq|Afghanistan|Canada|Poland|Morocco|Saudi Arabia|Uzbekistan|Angola|Peru|Malaysia|Mozambique|Ghana|Yemen
98%
France|Tanzania|Italy|South Africa|Kenya|Myanmar|South Korea|Colombia|Uganda|Spain|Argentina|Sudan|Algeria|Ukraine|Iraq|Afghanistan|Canada|Poland|Morocco|Saudi Arabia|Uzbekistan|Angola|Peru|Malaysia|Mozambique|Ghana|Yemen|Nepal|Venezuela|Madagascar|Cameroon|Ivory Coast|North Korea|Australia|Niger|Taiwan|Sri Lanka|Burkina Faso|Mali|Malawi|Chile|Romania|Kazakhstan|Zambia|Syria|Guatemala|Ecuador|Senegal|Netherlands
98%
France|Tanzania|Italy|South Africa|Kenya|Myanmar|South Korea|Colombia|Uganda|Spain|Argentina|Sudan|Algeria|Ukraine|Iraq|Afghanistan|Canada|Poland|Morocco|Saudi Arabia|Uzbekistan|Angola|Peru|Malaysia|Mozambique|Ghana|Yemen|Nepal|Venezuela|Madagascar|Cameroon|Ivory Coast|North Korea|Australia|Niger|Taiwan|Sri Lanka|Burkina Faso|Mali|Malawi|Chile|Romania|Kazakhstan|Zambia|Syria|Guatemala|Ecuador|Senegal|Netherlands|Cambodia|Chad
98%
Italy|South Africa|Kenya|Myanmar|South Korea|Colombia|Uganda|Spain|Argentina|Sudan|Algeria|Ukraine|Iraq|Afghanistan|Canada|Poland|Morocco|Saudi Arabia|Uzbekistan|Angola|Peru|Malaysia|Mozambique|Ghana|Yemen|Nepal|Venezuela|Madagascar|Cameroon|Ivory Coast|North Korea|Australia|Niger|Taiwan|Sri Lanka|Burkina Faso|Mali|Malawi|Chile|Romania|Kazakhstan|Zambia|Syria|Guatemala|Ecuador|Senegal|Netherlands|Cambodia|Chad|Somalia
98%
Kenya|Myanmar|South Korea|Colombia|Uganda|Spain|Argentina|Sudan|Algeria|Ukraine|Iraq|Afghanistan|Canada|Poland|Morocco|Saudi Arabia|Uzbekistan|Angola|Peru|Malaysia|Mozambique|Ghana|Yemen|Nepal|Venezuela|Madagascar|Cameroon|Ivory Coast|North Korea|Australia|Niger|Taiwan|Sri Lanka|Burkina Faso|Mali|Malawi|Chile|Romania|Kazakhstan|Zambia|Syria|Guatemala|Ecuador|Senegal|Netherlands|Cambodia|Chad|Somalia|Zimbabwe
98%
Mexico|Japan|Ethiopia|Philippines|Egypt|Vietnam|Democratic Republic of the Congo|Turkey|Iran|Germany|Thailand|United Kingdom|France|Tanzania|Italy|South Africa|Kenya|Myanmar|South Korea|Colombia|Uganda|Spain|Argentina|Sudan|Algeria|Ukraine|Iraq|Afghanistan|Canada|Poland|Morocco|Saudi Arabia
98%
Mexico|Japan|Ethiopia|Philippines|Egypt|Vietnam|Democratic Republic of the Congo|Turkey|Iran|Germany|Thailand|United Kingdom|France|Tanzania|Italy|South Africa|Kenya|Myanmar|South Korea|Colombia|Uganda|Spain|Argentina|Sudan|Algeria|Ukraine|Iraq|Afghanistan|Canada|Poland|Morocco|Saudi Arabia|Uzbekistan|Angola|Peru|Malaysia
98%
Pakistan|Brazil|Nigeria|Bangladesh|Russia|Mexico|Japan|Ethiopia|Philippines|Egypt|Vietnam|Democratic Republic of the Congo|Turkey|Iran|Germany|Thailand|United Kingdom|France
98%
Pakistan|Brazil|Nigeria|Bangladesh|Russia|Mexico|Japan|Ethiopia|Philippines|Egypt|Vietnam|Democratic Republic of the Congo|Turkey|Iran|Germany|Thailand|United Kingdom|France|Tanzania|Italy|South Africa
98%
Tanzania|Italy|South Africa|Kenya|Myanmar|South Korea|Colombia|Uganda|Spain|Argentina|Sudan|Algeria|Ukraine|Iraq|Afghanistan|Canada|Poland|Morocco|Saudi Arabia|Uzbekistan|Angola|Peru|Malaysia|Mozambique|Ghana|Yemen|Nepal|Venezuela|Madagascar|Cameroon|Ivory Coast|North Korea|Australia|Niger|Taiwan|Sri Lanka|Burkina Faso|Mali|Malawi|Chile|Romania|Kazakhstan|Zambia|Syria|Guatemala|Ecuador|Senegal|Netherlands|Cambodia|Chad|Somalia
98%
Thailand|United Kingdom|France|Tanzania|Italy|South Africa|Kenya|Myanmar|South Korea|Colombia|Uganda|Spain|Argentina|Sudan|Algeria|Ukraine|Iraq|Afghanistan|Canada|Poland|Morocco|Saudi Arabia|Uzbekistan|Angola|Peru|Malaysia|Mozambique|Ghana|Yemen|Nepal|Venezuela|Madagascar|Cameroon|Ivory Coast|North Korea|Australia|Niger|Taiwan|Sri Lanka|Burkina Faso|Mali
98%
Thailand|United Kingdom|France|Tanzania|Italy|South Africa|Kenya|Myanmar|South Korea|Colombia|Uganda|Spain|Argentina|Sudan|Algeria|Ukraine|Iraq|Afghanistan|Canada|Poland|Morocco|Saudi Arabia|Uzbekistan|Angola|Peru|Malaysia|Mozambique|Ghana|Yemen|Nepal|Venezuela|Madagascar|Cameroon|Ivory Coast|North Korea|Australia|Niger|Taiwan|Sri Lanka|Burkina Faso|Mali|Malawi|Chile|Romania
98%
Thailand|United Kingdom|France|Tanzania|Italy|South Africa|Kenya|Myanmar|South Korea|Colombia|Uganda|Spain|Argentina|Sudan|Algeria|Ukraine|Iraq|Afghanistan|Canada|Poland|Morocco|Saudi Arabia|Uzbekistan|Angola|Peru|Malaysia|Mozambique|Ghana|Yemen|Nepal|Venezuela|Madagascar|Cameroon|Ivory Coast|North Korea|Australia|Niger|Taiwan|Sri Lanka|Burkina Faso|Mali|Malawi|Chile|Romania|Kazakhstan|Zambia
98%
Thailand|United Kingdom|France|Tanzania|Italy|South Africa|Kenya|Myanmar|South Korea|Colombia|Uganda|Spain|Argentina|Sudan|Algeria|Ukraine|Iraq|Afghanistan|Canada|Poland|Morocco|Saudi Arabia|Uzbekistan|Angola|Peru|Malaysia|Mozambique|Ghana|Yemen|Nepal|Venezuela|Madagascar|Cameroon|Ivory Coast|North Korea|Australia|Niger|Taiwan|Sri Lanka|Burkina Faso|Mali|Malawi|Chile|Romania|Kazakhstan|Zambia|Syria|Guatemala|Ecuador
98%
Turkey|Iran|Germany|Thailand|United Kingdom|France|Tanzania|Italy|South Africa|Kenya|Myanmar|South Korea|Colombia|Uganda|Spain|Argentina|Sudan|Algeria|Ukraine|Iraq|Afghanistan|Canada|Poland|Morocco|Saudi Arabia|Uzbekistan|Angola|Peru|Malaysia|Mozambique|Ghana|Yemen|Nepal|Venezuela|Madagascar|Cameroon|Ivory Coast|North Korea|Australia|Niger|Taiwan
98%
United States|Indonesia|Pakistan|Brazil|Nigeria|Bangladesh|Russia
98%
United States|Indonesia|Pakistan|Brazil|Nigeria|Bangladesh|Russia|Mexico|Japan|Ethiopia
98%
United States|Indonesia|Pakistan|Brazil|Nigeria|Bangladesh|Russia|Mexico|Japan|Ethiopia|Philippines
98%
Vietnam|Democratic Republic of the Congo|Turkey|Iran|Germany|Thailand|United Kingdom|France|Tanzania|Italy|South Africa|Kenya|Myanmar|South Korea|Colombia|Uganda|Spain|Argentina|Sudan|Algeria|Ukraine|Iraq|Afghanistan|Canada|Poland|Morocco|Saudi Arabia|Uzbekistan|Angola|Peru|Malaysia|Mozambique|Ghana|Yemen|Nepal|Venezuela|Madagascar|Cameroon|Ivory Coast|North Korea|Australia
98%
Bangladesh|Russia|Mexico|Japan|Ethiopia|Philippines|Egypt|Vietnam|Democratic Republic of the Congo|Turkey|Iran|Germany|Thailand|United Kingdom|France|Tanzania|Italy|South Africa|Kenya|Myanmar
97%
Bangladesh|Russia|Mexico|Japan|Ethiopia|Philippines|Egypt|Vietnam|Democratic Republic of the Congo|Turkey|Iran|Germany|Thailand|United Kingdom|France|Tanzania|Italy|South Africa|Kenya|Myanmar|South Korea|Colombia
97%
Bangladesh|Russia|Mexico|Japan|Ethiopia|Philippines|Egypt|Vietnam|Democratic Republic of the Congo|Turkey|Iran|Germany|Thailand|United Kingdom|France|Tanzania|Italy|South Africa|Kenya|Myanmar|South Korea|Colombia|Uganda|Spain
97%
Bangladesh|Russia|Mexico|Japan|Ethiopia|Philippines|Egypt|Vietnam|Democratic Republic of the Congo|Turkey|Iran|Germany|Thailand|United Kingdom|France|Tanzania|Italy|South Africa|Kenya|Myanmar|South Korea|Colombia|Uganda|Spain|Argentina|Sudan|Algeria|Ukraine
97%
Benin|Burundi|Tunisia|Bolivia|Belgium|Haiti|South Sudan|Cuba|Dominican Republic|Czech Republic|Greece|Jordan|Azerbaijan|Portugal|Sweden|Honduras|United Arab Emirates|Tajikistan|Hungary|Belarus|Papua New Guinea|Austria|Israel|Switzerland|Serbia|Togo|Sierra Leone|Laos|Paraguay|Libya|Bulgaria|Lebanon|Nicaragua|Kyrgyzstan|El Salvador|Turkmenistan|Singapore|Denmark|Republic of the Congo|Finland|Norway|Slovakia|Oman|Liberia|Costa Rica|Ireland|Central African Republic|New Zealand|Mauritania|Panama|Kuwait|Croatia|Moldova|Georgia|Eritrea|Uruguay|Mongolia
97%
Canada|Poland|Morocco|Saudi Arabia|Uzbekistan|Angola|Peru|Malaysia|Mozambique|Ghana|Yemen|Nepal|Venezuela|Madagascar|Cameroon|Ivory Coast|North Korea|Australia|Niger|Taiwan|Sri Lanka|Burkina Faso|Mali|Malawi|Chile|Romania|Kazakhstan|Zambia|Syria|Guatemala|Ecuador|Senegal|Netherlands|Cambodia|Chad|Somalia|Zimbabwe|Guinea|Rwanda|Benin|Burundi|Tunisia|Bolivia|Belgium|Haiti|South Sudan|Cuba|Dominican Republic|Czech Republic|Greece|Jordan|Azerbaijan|Portugal|Sweden|Honduras|United Arab Emirates
97%
Canada|Poland|Morocco|Saudi Arabia|Uzbekistan|Angola|Peru|Malaysia|Mozambique|Ghana|Yemen|Nepal|Venezuela|Madagascar|Cameroon|Ivory Coast|North Korea|Australia|Niger|Taiwan|Sri Lanka|Burkina Faso|Mali|Malawi|Chile|Romania|Kazakhstan|Zambia|Syria|Guatemala|Ecuador|Senegal|Netherlands|Cambodia|Chad|Somalia|Zimbabwe|Guinea|Rwanda|Benin|Burundi|Tunisia|Bolivia|Belgium|Haiti|South Sudan|Cuba|Dominican Republic|Czech Republic|Greece|Jordan|Azerbaijan|Portugal|Sweden|Honduras|United Arab Emirates|Tajikistan|Hungary
97%
China|India
97%
Indonesia|Pakistan|Brazil|Nigeria|Bangladesh|Russia|Mexico|Japan|Ethiopia|Philippines|Egypt|Vietnam|Democratic Republic of the Congo|Turkey|Iran|Germany
97%
South Korea|Colombia|Uganda|Spain|Argentina|Sudan|Algeria|Ukraine|Iraq|Afghanistan|Canada|Poland|Morocco|Saudi Arabia|Uzbekistan|Angola|Peru|Malaysia|Mozambique|Ghana|Yemen|Nepal|Venezuela|Madagascar|Cameroon|Ivory Coast|North Korea|Australia|Niger|Taiwan|Sri Lanka|Burkina Faso|Mali|Malawi|Chile|Romania|Kazakhstan|Zambia|Syria|Guatemala|Ecuador|Senegal|Netherlands|Cambodia|Chad|Somalia|Zimbabwe
97%
South Korea|Colombia|Uganda|Spain|Argentina|Sudan|Algeria|Ukraine|Iraq|Afghanistan|Canada|Poland|Morocco|Saudi Arabia|Uzbekistan|Angola|Peru|Malaysia|Mozambique|Ghana|Yemen|Nepal|Venezuela|Madagascar|Cameroon|Ivory Coast|North Korea|Australia|Niger|Taiwan|Sri Lanka|Burkina Faso|Mali|Malawi|Chile|Romania|Kazakhstan|Zambia|Syria|Guatemala|Ecuador|Senegal|Netherlands|Cambodia|Chad|Somalia|Zimbabwe|Guinea|Rwanda
97%
Uganda|Spain|Argentina|Sudan|Algeria|Ukraine|Iraq|Afghanistan|Canada|Poland|Morocco|Saudi Arabia|Uzbekistan|Angola|Peru|Malaysia|Mozambique|Ghana|Yemen|Nepal|Venezuela|Madagascar|Cameroon|Ivory Coast|North Korea|Australia|Niger|Taiwan|Sri Lanka|Burkina Faso|Mali|Malawi|Chile|Romania|Kazakhstan|Zambia|Syria|Guatemala|Ecuador|Senegal|Netherlands|Cambodia|Chad|Somalia|Zimbabwe|Guinea|Rwanda
97%
Uganda|Spain|Argentina|Sudan|Algeria|Ukraine|Iraq|Afghanistan|Canada|Poland|Morocco|Saudi Arabia|Uzbekistan|Angola|Peru|Malaysia|Mozambique|Ghana|Yemen|Nepal|Venezuela|Madagascar|Cameroon|Ivory Coast|North Korea|Australia|Niger|Taiwan|Sri Lanka|Burkina Faso|Mali|Malawi|Chile|Romania|Kazakhstan|Zambia|Syria|Guatemala|Ecuador|Senegal|Netherlands|Cambodia|Chad|Somalia|Zimbabwe|Guinea|Rwanda|Benin|Burundi|Tunisia
97%
Belgium|Haiti|South Sudan|Cuba|Dominican Republic|Czech Republic|Greece|Jordan|Azerbaijan|Portugal|Sweden|Honduras|United Arab Emirates|Tajikistan|Hungary|Belarus|Papua New Guinea|Austria|Israel|Switzerland|Serbia|Togo|Sierra Leone|Laos|Paraguay|Libya|Bulgaria|Lebanon|Nicaragua|Kyrgyzstan|El Salvador|Turkmenistan|Singapore|Denmark|Republic of the Congo|Finland|Norway|Slovakia|Oman|Liberia|Costa Rica|Ireland|Central African Republic|New Zealand|Mauritania|Panama|Kuwait|Croatia|Moldova|Georgia|Eritrea|Uruguay|Mongolia|Bosnia and Herzegovina|Jamaica|Armenia
95%
Benin|Burundi|Tunisia|Bolivia|Belgium|Haiti|South Sudan|Cuba|Dominican Republic|Czech Republic|Greece|Jordan|Azerbaijan|Portugal|Sweden|Honduras|United Arab Emirates|Tajikistan|Hungary|Belarus|Papua New Guinea|Austria|Israel|Switzerland|Serbia|Togo|Sierra Leone|Laos|Paraguay|Libya|Bulgaria|Lebanon|Nicaragua|Kyrgyzstan|El Salvador|Turkmenistan|Singapore|Denmark|Republic of the Congo|Finland|Norway|Slovakia|Oman|Liberia|Costa Rica|Ireland|Central African Republic|New Zealand|Mauritania|Panama|Kuwait|Croatia|Moldova|Georgia|Eritrea|Uruguay|Mongolia|Bosnia and Herzegovina
95%
Cambodia|Chad|Somalia|Zimbabwe|Guinea|Rwanda|Benin|Burundi|Tunisia|Bolivia|Belgium|Haiti|South Sudan|Cuba|Dominican Republic|Czech Republic|Greece|Jordan|Azerbaijan|Portugal|Sweden|Honduras|United Arab Emirates|Tajikistan|Hungary|Belarus|Papua New Guinea|Austria|Israel|Switzerland|Serbia|Togo|Sierra Leone|Laos|Paraguay|Libya|Bulgaria|Lebanon|Nicaragua|Kyrgyzstan|El Salvador|Turkmenistan|Singapore|Denmark|Republic of the Congo|Finland|Norway|Slovakia|Oman|Liberia|Costa Rica|Ireland|Central African Republic|New Zealand|Mauritania|Panama|Kuwait
95%
Chile|Romania|Kazakhstan|Zambia|Syria|Guatemala|Ecuador|Senegal|Netherlands|Cambodia|Chad|Somalia|Zimbabwe|Guinea|Rwanda|Benin|Burundi|Tunisia|Bolivia|Belgium|Haiti|South Sudan|Cuba|Dominican Republic|Czech Republic|Greece|Jordan|Azerbaijan|Portugal|Sweden|Honduras|United Arab Emirates|Tajikistan|Hungary|Belarus|Papua New Guinea|Austria|Israel|Switzerland|Serbia|Togo|Sierra Leone|Laos|Paraguay|Libya|Bulgaria|Lebanon|Nicaragua|Kyrgyzstan|El Salvador|Turkmenistan|Singapore|Denmark|Republic of the Congo|Finland|Norway|Slovakia|Oman|Liberia|Costa Rica|Ireland|Central African Republic
95%
Chile|Romania|Kazakhstan|Zambia|Syria|Guatemala|Ecuador|Senegal|Netherlands|Cambodia|Chad|Somalia|Zimbabwe|Guinea|Rwanda|Benin|Burundi|Tunisia|Bolivia|Belgium|Haiti|South Sudan|Cuba|Dominican Republic|Czech Republic|Greece|Jordan|Azerbaijan|Portugal|Sweden|Honduras|United Arab Emirates|Tajikistan|Hungary|Belarus|Papua New Guinea|Austria|Israel|Switzerland|Serbia|Togo|Sierra Leone|Laos|Paraguay|Libya|Bulgaria|Lebanon|Nicaragua|Kyrgyzstan|El Salvador|Turkmenistan|Singapore|Denmark|Republic of the Congo|Finland|Norway|Slovakia|Oman|Liberia|Costa Rica|Ireland|Central African Republic|New Zealand
95%
Czech Republic|Greece|Jordan|Azerbaijan|Portugal|Sweden|Honduras|United Arab Emirates|Tajikistan|Hungary|Belarus|Papua New Guinea|Austria|Israel|Switzerland|Serbia|Togo|Sierra Leone|Laos|Paraguay|Libya|Bulgaria|Lebanon|Nicaragua|Kyrgyzstan|El Salvador|Turkmenistan|Singapore|Denmark|Republic of the Congo|Finland|Norway|Slovakia|Oman|Liberia|Costa Rica|Ireland|Central African Republic|New Zealand|Mauritania|Panama|Kuwait|Croatia|Moldova|Georgia|Eritrea|Uruguay|Mongolia|Bosnia and Herzegovina|Jamaica|Armenia|Qatar|Albania
95%
Dominican Republic|Czech Republic|Greece|Jordan|Azerbaijan|Portugal|Sweden|Honduras|United Arab Emirates|Tajikistan|Hungary|Belarus|Papua New Guinea|Austria|Israel|Switzerland|Serbia|Togo|Sierra Leone|Laos|Paraguay|Libya|Bulgaria|Lebanon|Nicaragua|Kyrgyzstan|El Salvador|Turkmenistan|Singapore|Denmark|Republic of the Congo|Finland|Norway|Slovakia|Oman|Liberia|Costa Rica|Ireland|Central African Republic|New Zealand|Mauritania|Panama|Kuwait|Croatia|Moldova|Georgia|Eritrea|Uruguay|Mongolia|Bosnia and Herzegovina|Jamaica|Armenia|Qatar|Albania
95%
Ecuador|Senegal|Netherlands|Cambodia|Chad|Somalia|Zimbabwe|Guinea|Rwanda|Benin|Burundi|Tunisia|Bolivia|Belgium|Haiti|South Sudan|Cuba|Dominican Republic|Czech Republic|Greece|Jordan|Azerbaijan|Portugal|Sweden|Honduras|United Arab Emirates|Tajikistan|Hungary|Belarus|Papua New Guinea|Austria|Israel|Switzerland|Serbia|Togo|Sierra Leone|Laos|Paraguay|Libya|Bulgaria|Lebanon|Nicaragua|Kyrgyzstan|El Salvador|Turkmenistan|Singapore|Denmark|Republic of the Congo|Finland|Norway|Slovakia|Oman|Liberia|Costa Rica|Ireland|Central African Republic|New Zealand|Mauritania
95%
Greece|Jordan|Azerbaijan|Portugal|Sweden|Honduras|United Arab Emirates|Tajikistan|Hungary|Belarus|Papua New Guinea|Austria|Israel|Switzerland|Serbia|Togo|Sierra Leone|Laos|Paraguay|Libya|Bulgaria|Lebanon|Nicaragua|Kyrgyzstan|El Salvador|Turkmenistan|Singapore|Denmark|Republic of the Congo|Finland|Norway|Slovakia|Oman|Liberia|Costa Rica|Ireland|Central African Republic|New Zealand|Mauritania|Panama|Kuwait|Croatia|Moldova|Georgia|Eritrea|Uruguay|Mongolia|Bosnia and Herzegovina|Jamaica|Armenia|Qatar|Albania|Lithuania
95%
Haiti|South Sudan|Cuba|Dominican Republic|Czech Republic|Greece|Jordan|Azerbaijan|Portugal|Sweden|Honduras|United Arab Emirates|Tajikistan|Hungary|Belarus|Papua New Guinea|Austria|Israel|Switzerland|Serbia|Togo|Sierra Leone|Laos|Paraguay|Libya|Bulgaria|Lebanon|Nicaragua|Kyrgyzstan|El Salvador|Turkmenistan|Singapore|Denmark|Republic of the Congo|Finland|Norway|Slovakia|Oman|Liberia|Costa Rica|Ireland|Central African Republic|New Zealand|Mauritania|Panama|Kuwait|Croatia|Moldova|Georgia|Eritrea|Uruguay|Mongolia|Bosnia and Herzegovina|Jamaica|Armenia|Qatar
95%
Iraq|Afghanistan|Canada|Poland|Morocco|Saudi Arabia|Uzbekistan|Angola|Peru|Malaysia|Mozambique|Ghana|Yemen|Nepal|Venezuela|Madagascar|Cameroon|Ivory Coast|North Korea|Australia|Niger|Taiwan|Sri Lanka|Burkina Faso|Mali|Malawi|Chile|Romania|Kazakhstan|Zambia|Syria|Guatemala|Ecuador|Senegal|Netherlands|Cambodia|Chad|Somalia|Zimbabwe|Guinea|Rwanda|Benin|Burundi|Tunisia|Bolivia|Belgium|Haiti|South Sudan|Cuba|Dominican Republic
95%
Iraq|Afghanistan|Canada|Poland|Morocco|Saudi Arabia|Uzbekistan|Angola|Peru|Malaysia|Mozambique|Ghana|Yemen|Nepal|Venezuela|Madagascar|Cameroon|Ivory Coast|North Korea|Australia|Niger|Taiwan|Sri Lanka|Burkina Faso|Mali|Malawi|Chile|Romania|Kazakhstan|Zambia|Syria|Guatemala|Ecuador|Senegal|Netherlands|Cambodia|Chad|Somalia|Zimbabwe|Guinea|Rwanda|Benin|Burundi|Tunisia|Bolivia|Belgium|Haiti|South Sudan|Cuba|Dominican Republic|Czech Republic
95%
Jordan|Azerbaijan|Portugal|Sweden|Honduras|United Arab Emirates|Tajikistan|Hungary|Belarus|Papua New Guinea|Austria|Israel|Switzerland|Serbia|Togo|Sierra Leone|Laos|Paraguay|Libya|Bulgaria|Lebanon|Nicaragua|Kyrgyzstan|El Salvador|Turkmenistan|Singapore|Denmark|Republic of the Congo|Finland|Norway|Slovakia|Oman|Liberia|Costa Rica|Ireland|Central African Republic|New Zealand|Mauritania|Panama|Kuwait|Croatia|Moldova|Georgia|Eritrea|Uruguay|Mongolia|Bosnia and Herzegovina|Jamaica|Armenia|Qatar|Albania|Lithuania
95%
Jordan|Azerbaijan|Portugal|Sweden|Honduras|United Arab Emirates|Tajikistan|Hungary|Belarus|Papua New Guinea|Austria|Israel|Switzerland|Serbia|Togo|Sierra Leone|Laos|Paraguay|Libya|Bulgaria|Lebanon|Nicaragua|Kyrgyzstan|El Salvador|Turkmenistan|Singapore|Denmark|Republic of the Congo|Finland|Norway|Slovakia|Oman|Liberia|Costa Rica|Ireland|Central African Republic|New Zealand|Mauritania|Panama|Kuwait|Croatia|Moldova|Georgia|Eritrea|Uruguay|Mongolia|Bosnia and Herzegovina|Jamaica|Armenia|Qatar|Albania|Lithuania|Namibia
95%
Malawi|Chile|Romania|Kazakhstan|Zambia|Syria|Guatemala|Ecuador|Senegal|Netherlands|Cambodia|Chad|Somalia|Zimbabwe|Guinea|Rwanda|Benin|Burundi|Tunisia|Bolivia|Belgium|Haiti|South Sudan|Cuba|Dominican Republic|Czech Republic|Greece|Jordan|Azerbaijan|Portugal|Sweden|Honduras|United Arab Emirates|Tajikistan|Hungary|Belarus|Papua New Guinea|Austria|Israel|Switzerland|Serbia|Togo|Sierra Leone|Laos|Paraguay|Libya|Bulgaria|Lebanon|Nicaragua|Kyrgyzstan|El Salvador|Turkmenistan|Singapore|Denmark|Republic of the Congo|Finland|Norway|Slovakia|Oman
95%
Malawi|Chile|Romania|Kazakhstan|Zambia|Syria|Guatemala|Ecuador|Senegal|Netherlands|Cambodia|Chad|Somalia|Zimbabwe|Guinea|Rwanda|Benin|Burundi|Tunisia|Bolivia|Belgium|Haiti|South Sudan|Cuba|Dominican Republic|Czech Republic|Greece|Jordan|Azerbaijan|Portugal|Sweden|Honduras|United Arab Emirates|Tajikistan|Hungary|Belarus|Papua New Guinea|Austria|Israel|Switzerland|Serbia|Togo|Sierra Leone|Laos|Paraguay|Libya|Bulgaria|Lebanon|Nicaragua|Kyrgyzstan|El Salvador|Turkmenistan|Singapore|Denmark|Republic of the Congo|Finland|Norway|Slovakia|Oman|Liberia|Costa Rica
95%
Mali|Malawi|Chile|Romania|Kazakhstan|Zambia|Syria|Guatemala|Ecuador|Senegal|Netherlands|Cambodia|Chad|Somalia|Zimbabwe|Guinea|Rwanda|Benin|Burundi|Tunisia|Bolivia|Belgium|Haiti|South Sudan|Cuba|Dominican Republic|Czech Republic|Greece|Jordan|Azerbaijan|Portugal|Sweden|Honduras|United Arab Emirates|Tajikistan|Hungary|Belarus|Papua New Guinea|Austria|Israel|Switzerland|Serbia|Togo|Sierra Leone|Laos|Paraguay|Libya|Bulgaria|Lebanon|Nicaragua|Kyrgyzstan|El Salvador|Turkmenistan|Singapore|Denmark|Republic of the Congo|Finland|Norway|Slovakia
95%
North Korea|Australia|Niger|Taiwan|Sri Lanka|Burkina Faso|Mali|Malawi|Chile|Romania|Kazakhstan|Zambia|Syria|Guatemala|Ecuador|Senegal|Netherlands|Cambodia|Chad|Somalia|Zimbabwe|Guinea|Rwanda|Benin|Burundi|Tunisia|Bolivia|Belgium|Haiti|South Sudan|Cuba|Dominican Republic|Czech Republic|Greece|Jordan|Azerbaijan|Portugal|Sweden|Honduras|United Arab Emirates|Tajikistan|Hungary|Belarus|Papua New Guinea|Austria|Israel|Switzerland|Serbia|Togo|Sierra Leone|Laos|Paraguay|Libya|Bulgaria|Lebanon
95%
North Korea|Australia|Niger|Taiwan|Sri Lanka|Burkina Faso|Mali|Malawi|Chile|Romania|Kazakhstan|Zambia|Syria|Guatemala|Ecuador|Senegal|Netherlands|Cambodia|Chad|Somalia|Zimbabwe|Guinea|Rwanda|Benin|Burundi|Tunisia|Bolivia|Belgium|Haiti|South Sudan|Cuba|Dominican Republic|Czech Republic|Greece|Jordan|Azerbaijan|Portugal|Sweden|Honduras|United Arab Emirates|Tajikistan|Hungary|Belarus|Papua New Guinea|Austria|Israel|Switzerland|Serbia|Togo|Sierra Leone|Laos|Paraguay|Libya|Bulgaria|Lebanon|Nicaragua
95%
Peru|Malaysia|Mozambique|Ghana|Yemen|Nepal|Venezuela|Madagascar|Cameroon|Ivory Coast|North Korea|Australia|Niger|Taiwan|Sri Lanka|Burkina Faso|Mali|Malawi|Chile|Romania|Kazakhstan|Zambia|Syria|Guatemala|Ecuador|Senegal|Netherlands|Cambodia|Chad|Somalia|Zimbabwe|Guinea|Rwanda|Benin|Burundi|Tunisia|Bolivia|Belgium|Haiti|South Sudan|Cuba|Dominican Republic|Czech Republic|Greece|Jordan|Azerbaijan|Portugal|Sweden|Honduras|United Arab Emirates|Tajikistan|Hungary|Belarus|Papua New Guinea|Austria|Israel|Switzerland|Serbia|Togo
95%
Poland|Morocco|Saudi Arabia|Uzbekistan|Angola|Peru|Malaysia|Mozambique|Ghana|Yemen|Nepal|Venezuela|Madagascar|Cameroon|Ivory Coast|North Korea|Australia|Niger|Taiwan|Sri Lanka|Burkina Faso|Mali|Malawi|Chile|Romania|Kazakhstan|Zambia|Syria|Guatemala|Ecuador|Senegal|Netherlands|Cambodia|Chad|Somalia|Zimbabwe|Guinea|Rwanda|Benin|Burundi|Tunisia|Bolivia|Belgium|Haiti|South Sudan|Cuba|Dominican Republic|Czech Republic|Greece|Jordan|Azerbaijan|Portugal|Sweden|Honduras|United Arab Emirates|Tajikistan|Hungary
95%
Saudi Arabia|Uzbekistan|Angola|Peru|Malaysia|Mozambique|Ghana|Yemen|Nepal|Venezuela|Madagascar|Cameroon|Ivory Coast|North Korea|Australia|Niger|Taiwan|Sri Lanka|Burkina Faso|Mali|Malawi|Chile|Romania|Kazakhstan|Zambia|Syria|Guatemala|Ecuador|Senegal|Netherlands|Cambodia|Chad|Somalia|Zimbabwe|Guinea|Rwanda|Benin|Burundi|Tunisia|Bolivia|Belgium|Haiti|South Sudan|Cuba|Dominican Republic|Czech Republic|Greece|Jordan|Azerbaijan|Portugal|Sweden|Honduras|United Arab Emirates|Tajikistan|Hungary|Belarus
95%
Saudi Arabia|Uzbekistan|Angola|Peru|Malaysia|Mozambique|Ghana|Yemen|Nepal|Venezuela|Madagascar|Cameroon|Ivory Coast|North Korea|Australia|Niger|Taiwan|Sri Lanka|Burkina Faso|Mali|Malawi|Chile|Romania|Kazakhstan|Zambia|Syria|Guatemala|Ecuador|Senegal|Netherlands|Cambodia|Chad|Somalia|Zimbabwe|Guinea|Rwanda|Benin|Burundi|Tunisia|Bolivia|Belgium|Haiti|South Sudan|Cuba|Dominican Republic|Czech Republic|Greece|Jordan|Azerbaijan|Portugal|Sweden|Honduras|United Arab Emirates|Tajikistan|Hungary|Belarus|Papua New Guinea|Austria
95%
Senegal|Netherlands|Cambodia|Chad|Somalia|Zimbabwe|Guinea|Rwanda|Benin|Burundi|Tunisia|Bolivia|Belgium|Haiti|South Sudan|Cuba|Dominican Republic|Czech Republic|Greece|Jordan|Azerbaijan|Portugal|Sweden|Honduras|United Arab Emirates|Tajikistan|Hungary|Belarus|Papua New Guinea|Austria|Israel|Switzerland|Serbia|Togo|Sierra Leone|Laos|Paraguay|Libya|Bulgaria|Lebanon|Nicaragua|Kyrgyzstan|El Salvador|Turkmenistan|Singapore|Denmark|Republic of the Congo|Finland|Norway|Slovakia|Oman|Liberia|Costa Rica|Ireland|Central African Republic|New Zealand|Mauritania
95%
Senegal|Netherlands|Cambodia|Chad|Somalia|Zimbabwe|Guinea|Rwanda|Benin|Burundi|Tunisia|Bolivia|Belgium|Haiti|South Sudan|Cuba|Dominican Republic|Czech Republic|Greece|Jordan|Azerbaijan|Portugal|Sweden|Honduras|United Arab Emirates|Tajikistan|Hungary|Belarus|Papua New Guinea|Austria|Israel|Switzerland|Serbia|Togo|Sierra Leone|Laos|Paraguay|Libya|Bulgaria|Lebanon|Nicaragua|Kyrgyzstan|El Salvador|Turkmenistan|Singapore|Denmark|Republic of the Congo|Finland|Norway|Slovakia|Oman|Liberia|Costa Rica|Ireland|Central African Republic|New Zealand|Mauritania|Panama
95%
Sri Lanka|Burkina Faso|Mali|Malawi|Chile|Romania|Kazakhstan|Zambia|Syria|Guatemala|Ecuador|Senegal|Netherlands|Cambodia|Chad|Somalia|Zimbabwe|Guinea|Rwanda|Benin|Burundi|Tunisia|Bolivia|Belgium|Haiti|South Sudan|Cuba|Dominican Republic|Czech Republic|Greece|Jordan|Azerbaijan|Portugal|Sweden|Honduras|United Arab Emirates|Tajikistan|Hungary|Belarus|Papua New Guinea|Austria|Israel|Switzerland|Serbia|Togo|Sierra Leone|Laos|Paraguay|Libya|Bulgaria|Lebanon|Nicaragua|Kyrgyzstan|El Salvador|Turkmenistan
95%
Sri Lanka|Burkina Faso|Mali|Malawi|Chile|Romania|Kazakhstan|Zambia|Syria|Guatemala|Ecuador|Senegal|Netherlands|Cambodia|Chad|Somalia|Zimbabwe|Guinea|Rwanda|Benin|Burundi|Tunisia|Bolivia|Belgium|Haiti|South Sudan|Cuba|Dominican Republic|Czech Republic|Greece|Jordan|Azerbaijan|Portugal|Sweden|Honduras|United Arab Emirates|Tajikistan|Hungary|Belarus|Papua New Guinea|Austria|Israel|Switzerland|Serbia|Togo|Sierra Leone|Laos|Paraguay|Libya|Bulgaria|Lebanon|Nicaragua|Kyrgyzstan|El Salvador|Turkmenistan|Singapore
95%
Sri Lanka|Burkina Faso|Mali|Malawi|Chile|Romania|Kazakhstan|Zambia|Syria|Guatemala|Ecuador|Senegal|Netherlands|Cambodia|Chad|Somalia|Zimbabwe|Guinea|Rwanda|Benin|Burundi|Tunisia|Bolivia|Belgium|Haiti|South Sudan|Cuba|Dominican Republic|Czech Republic|Greece|Jordan|Azerbaijan|Portugal|Sweden|Honduras|United Arab Emirates|Tajikistan|Hungary|Belarus|Papua New Guinea|Austria|Israel|Switzerland|Serbia|Togo|Sierra Leone|Laos|Paraguay|Libya|Bulgaria|Lebanon|Nicaragua|Kyrgyzstan|El Salvador|Turkmenistan|Singapore|Denmark
95%
Sri Lanka|Burkina Faso|Mali|Malawi|Chile|Romania|Kazakhstan|Zambia|Syria|Guatemala|Ecuador|Senegal|Netherlands|Cambodia|Chad|Somalia|Zimbabwe|Guinea|Rwanda|Benin|Burundi|Tunisia|Bolivia|Belgium|Haiti|South Sudan|Cuba|Dominican Republic|Czech Republic|Greece|Jordan|Azerbaijan|Portugal|Sweden|Honduras|United Arab Emirates|Tajikistan|Hungary|Belarus|Papua New Guinea|Austria|Israel|Switzerland|Serbia|Togo|Sierra Leone|Laos|Paraguay|Libya|Bulgaria|Lebanon|Nicaragua|Kyrgyzstan|El Salvador|Turkmenistan|Singapore|Denmark|Republic of the Congo|Finland
95%
Syria|Guatemala|Ecuador|Senegal|Netherlands|Cambodia|Chad|Somalia|Zimbabwe|Guinea|Rwanda|Benin|Burundi|Tunisia|Bolivia|Belgium|Haiti|South Sudan|Cuba|Dominican Republic|Czech Republic|Greece|Jordan|Azerbaijan|Portugal|Sweden|Honduras|United Arab Emirates|Tajikistan|Hungary|Belarus|Papua New Guinea|Austria|Israel|Switzerland|Serbia|Togo|Sierra Leone|Laos|Paraguay|Libya|Bulgaria|Lebanon|Nicaragua|Kyrgyzstan|El Salvador|Turkmenistan|Singapore|Denmark|Republic of the Congo|Finland|Norway|Slovakia|Oman|Liberia|Costa Rica|Ireland|Central African Republic|New Zealand|Mauritania
95%
Taiwan|Sri Lanka|Burkina Faso|Mali|Malawi|Chile|Romania|Kazakhstan|Zambia|Syria|Guatemala|Ecuador|Senegal|Netherlands|Cambodia|Chad|Somalia|Zimbabwe|Guinea|Rwanda|Benin|Burundi|Tunisia|Bolivia|Belgium|Haiti|South Sudan|Cuba|Dominican Republic|Czech Republic|Greece|Jordan|Azerbaijan|Portugal|Sweden|Honduras|United Arab Emirates|Tajikistan|Hungary|Belarus|Papua New Guinea|Austria|Israel|Switzerland|Serbia|Togo|Sierra Leone|Laos|Paraguay|Libya|Bulgaria|Lebanon|Nicaragua|Kyrgyzstan|El Salvador
95%
Taiwan|Sri Lanka|Burkina Faso|Mali|Malawi|Chile|Romania|Kazakhstan|Zambia|Syria|Guatemala|Ecuador|Senegal|Netherlands|Cambodia|Chad|Somalia|Zimbabwe|Guinea|Rwanda|Benin|Burundi|Tunisia|Bolivia|Belgium|Haiti|South Sudan|Cuba|Dominican Republic|Czech Republic|Greece|Jordan|Azerbaijan|Portugal|Sweden|Honduras|United Arab Emirates|Tajikistan|Hungary|Belarus|Papua New Guinea|Austria|Israel|Switzerland|Serbia|Togo|Sierra Leone|Laos|Paraguay|Libya|Bulgaria|Lebanon|Nicaragua|Kyrgyzstan|El Salvador|Turkmenistan
95%
Tunisia|Bolivia|Belgium|Haiti|South Sudan|Cuba|Dominican Republic|Czech Republic|Greece|Jordan|Azerbaijan|Portugal|Sweden|Honduras|United Arab Emirates|Tajikistan|Hungary|Belarus|Papua New Guinea|Austria|Israel|Switzerland|Serbia|Togo|Sierra Leone|Laos|Paraguay|Libya|Bulgaria|Lebanon|Nicaragua|Kyrgyzstan|El Salvador|Turkmenistan|Singapore|Denmark|Republic of the Congo|Finland|Norway|Slovakia|Oman|Liberia|Costa Rica|Ireland|Central African Republic|New Zealand|Mauritania|Panama|Kuwait|Croatia|Moldova|Georgia|Eritrea|Uruguay|Mongolia|Bosnia and Herzegovina
95%
United States|Indonesia|Pakistan|Brazil|Nigeria
95%
Uzbekistan|Angola|Peru|Malaysia|Mozambique|Ghana|Yemen|Nepal|Venezuela|Madagascar|Cameroon|Ivory Coast|North Korea|Australia|Niger|Taiwan|Sri Lanka|Burkina Faso|Mali|Malawi|Chile|Romania|Kazakhstan|Zambia|Syria|Guatemala|Ecuador|Senegal|Netherlands|Cambodia|Chad|Somalia|Zimbabwe|Guinea|Rwanda|Benin|Burundi|Tunisia|Bolivia|Belgium|Haiti|South Sudan|Cuba|Dominican Republic|Czech Republic|Greece|Jordan|Azerbaijan|Portugal|Sweden|Honduras|United Arab Emirates|Tajikistan|Hungary|Belarus|Papua New Guinea|Austria|Israel|Switzerland|Serbia
95%
Guinea|Rwanda|Benin|Burundi|Tunisia|Bolivia|Belgium|Haiti|South Sudan|Cuba|Dominican Republic|Czech Republic|Greece|Jordan|Azerbaijan|Portugal|Sweden|Honduras|United Arab Emirates|Tajikistan|Hungary|Belarus|Papua New Guinea|Austria|Israel|Switzerland|Serbia|Togo|Sierra Leone|Laos|Paraguay|Libya|Bulgaria|Lebanon|Nicaragua|Kyrgyzstan|El Salvador|Turkmenistan|Singapore|Denmark|Republic of the Congo|Finland|Norway|Slovakia|Oman|Liberia|Costa Rica|Ireland|Central African Republic|New Zealand|Mauritania|Panama|Kuwait|Croatia|Moldova|Georgia
94%
Guinea|Rwanda|Benin|Burundi|Tunisia|Bolivia|Belgium|Haiti|South Sudan|Cuba|Dominican Republic|Czech Republic|Greece|Jordan|Azerbaijan|Portugal|Sweden|Honduras|United Arab Emirates|Tajikistan|Hungary|Belarus|Papua New Guinea|Austria|Israel|Switzerland|Serbia|Togo|Sierra Leone|Laos|Paraguay|Libya|Bulgaria|Lebanon|Nicaragua|Kyrgyzstan|El Salvador|Turkmenistan|Singapore|Denmark|Republic of the Congo|Finland|Norway|Slovakia|Oman|Liberia|Costa Rica|Ireland|Central African Republic|New Zealand|Mauritania|Panama|Kuwait|Croatia|Moldova|Georgia|Eritrea|Uruguay
94%
Mozambique|Ghana|Yemen|Nepal|Venezuela|Madagascar|Cameroon|Ivory Coast|North Korea|Australia|Niger|Taiwan|Sri Lanka|Burkina Faso|Mali|Malawi|Chile|Romania|Kazakhstan|Zambia|Syria|Guatemala|Ecuador|Senegal|Netherlands|Cambodia|Chad|Somalia|Zimbabwe|Guinea|Rwanda|Benin|Burundi|Tunisia|Bolivia|Belgium|Haiti|South Sudan|Cuba|Dominican Republic|Czech Republic|Greece|Jordan|Azerbaijan|Portugal|Sweden|Honduras|United Arab Emirates|Tajikistan|Hungary|Belarus|Papua New Guinea|Austria|Israel|Switzerland|Serbia|Togo
94%
Nepal|Venezuela|Madagascar|Cameroon|Ivory Coast|North Korea|Australia|Niger|Taiwan|Sri Lanka|Burkina Faso|Mali|Malawi|Chile|Romania|Kazakhstan|Zambia|Syria|Guatemala|Ecuador|Senegal|Netherlands|Cambodia|Chad|Somalia|Zimbabwe|Guinea|Rwanda|Benin|Burundi|Tunisia|Bolivia|Belgium|Haiti|South Sudan|Cuba|Dominican Republic|Czech Republic|Greece|Jordan|Azerbaijan|Portugal|Sweden|Honduras|United Arab Emirates|Tajikistan|Hungary|Belarus|Papua New Guinea|Austria|Israel|Switzerland|Serbia|Togo|Sierra Leone
94%
Rwanda|Benin|Burundi|Tunisia|Bolivia|Belgium|Haiti|South Sudan|Cuba|Dominican Republic|Czech Republic|Greece|Jordan|Azerbaijan|Portugal|Sweden|Honduras|United Arab Emirates|Tajikistan|Hungary|Belarus|Papua New Guinea|Austria|Israel|Switzerland|Serbia|Togo|Sierra Leone|Laos|Paraguay|Libya|Bulgaria|Lebanon|Nicaragua|Kyrgyzstan|El Salvador|Turkmenistan|Singapore|Denmark|Republic of the Congo|Finland|Norway|Slovakia|Oman|Liberia|Costa Rica|Ireland|Central African Republic|New Zealand|Mauritania|Panama|Kuwait|Croatia|Moldova|Georgia|Eritrea|Uruguay
94%
Zimbabwe|Guinea|Rwanda|Benin|Burundi|Tunisia|Bolivia|Belgium|Haiti|South Sudan|Cuba|Dominican Republic|Czech Republic|Greece|Jordan|Azerbaijan|Portugal|Sweden|Honduras|United Arab Emirates|Tajikistan|Hungary|Belarus|Papua New Guinea|Austria|Israel|Switzerland|Serbia|Togo|Sierra Leone|Laos|Paraguay|Libya|Bulgaria|Lebanon|Nicaragua|Kyrgyzstan|El Salvador|Turkmenistan|Singapore|Denmark|Republic of the Congo|Finland|Norway|Slovakia|Oman|Liberia|Costa Rica|Ireland|Central African Republic|New Zealand|Mauritania|Panama|Kuwait|Croatia
94%
Belarus|Papua New Guinea|Austria|Israel|Switzerland|Serbia|Togo|Sierra Leone|Laos|Paraguay|Libya|Bulgaria|Lebanon|Nicaragua|Kyrgyzstan|El Salvador|Turkmenistan|Singapore|Denmark|Republic of the Congo|Finland|Norway|Slovakia|Oman|Liberia|Costa Rica|Ireland|Central African Republic|New Zealand|Mauritania|Panama|Kuwait|Croatia|Moldova|Georgia|Eritrea|Uruguay|Mongolia|Bosnia and Herzegovina|Jamaica|Armenia|Qatar|Albania|Lithuania|Namibia|Gambia|Botswana
92%
Denmark|Republic of the Congo|Finland|Norway|Slovakia|Oman|Liberia|Costa Rica|Ireland|Central African Republic|New Zealand|Mauritania|Panama|Kuwait|Croatia|Moldova|Georgia|Eritrea|Uruguay|Mongolia|Bosnia and Herzegovina|Jamaica|Armenia|Qatar|Albania|Lithuania|Namibia|Gambia|Botswana|Gabon|Lesotho|North Macedonia|Slovenia|Guinea-Bissau|Kosovo|Latvia|Bahrain
92%
El Salvador|Turkmenistan|Singapore|Denmark|Republic of the Congo|Finland|Norway|Slovakia|Oman|Liberia|Costa Rica|Ireland|Central African Republic|New Zealand|Mauritania|Panama|Kuwait|Croatia|Moldova|Georgia|Eritrea|Uruguay|Mongolia|Bosnia and Herzegovina|Jamaica|Armenia|Qatar|Albania|Lithuania|Namibia|Gambia|Botswana|Gabon|Lesotho|North Macedonia|Slovenia|Guinea-Bissau|Kosovo|Latvia|Bahrain
92%
Hungary|Belarus|Papua New Guinea|Austria|Israel|Switzerland|Serbia|Togo|Sierra Leone|Laos|Paraguay|Libya|Bulgaria|Lebanon|Nicaragua|Kyrgyzstan|El Salvador|Turkmenistan|Singapore|Denmark|Republic of the Congo|Finland|Norway|Slovakia|Oman|Liberia|Costa Rica|Ireland|Central African Republic|New Zealand|Mauritania|Panama|Kuwait|Croatia|Moldova|Georgia|Eritrea|Uruguay|Mongolia|Bosnia and Herzegovina|Jamaica|Armenia|Qatar|Albania|Lithuania|Namibia|Gambia
92%
Kyrgyzstan|El Salvador|Turkmenistan|Singapore|Denmark|Republic of the Congo|Finland|Norway|Slovakia|Oman|Liberia|Costa Rica|Ireland|Central African Republic|New Zealand|Mauritania|Panama|Kuwait|Croatia|Moldova|Georgia|Eritrea|Uruguay|Mongolia|Bosnia and Herzegovina|Jamaica|Armenia|Qatar|Albania|Lithuania|Namibia|Gambia|Botswana|Gabon|Lesotho|North Macedonia|Slovenia|Guinea-Bissau|Kosovo|Latvia|Bahrain
92%
Laos|Paraguay|Libya|Bulgaria|Lebanon|Nicaragua|Kyrgyzstan|El Salvador|Turkmenistan|Singapore|Denmark|Republic of the Congo|Finland|Norway|Slovakia|Oman|Liberia|Costa Rica|Ireland|Central African Republic|New Zealand|Mauritania|Panama|Kuwait|Croatia|Moldova|Georgia|Eritrea|Uruguay|Mongolia|Bosnia and Herzegovina|Jamaica|Armenia|Qatar|Albania|Lithuania|Namibia|Gambia|Botswana|Gabon|Lesotho|North Macedonia|Slovenia|Guinea-Bissau
92%
Libya|Bulgaria|Lebanon|Nicaragua|Kyrgyzstan|El Salvador|Turkmenistan|Singapore|Denmark|Republic of the Congo|Finland|Norway|Slovakia|Oman|Liberia|Costa Rica|Ireland|Central African Republic|New Zealand|Mauritania|Panama|Kuwait|Croatia|Moldova|Georgia|Eritrea|Uruguay|Mongolia|Bosnia and Herzegovina|Jamaica|Armenia|Qatar|Albania|Lithuania|Namibia|Gambia|Botswana|Gabon|Lesotho|North Macedonia|Slovenia|Guinea-Bissau|Kosovo|Latvia
92%
Libya|Bulgaria|Lebanon|Nicaragua|Kyrgyzstan|El Salvador|Turkmenistan|Singapore|Denmark|Republic of the Congo|Finland|Norway|Slovakia|Oman|Liberia|Costa Rica|Ireland|Central African Republic|New Zealand|Mauritania|Panama|Kuwait|Croatia|Moldova|Georgia|Eritrea|Uruguay|Mongolia|Bosnia and Herzegovina|Jamaica|Armenia|Qatar|Albania|Lithuania|Namibia|Gambia|Botswana|Gabon|Lesotho|North Macedonia|Slovenia|Guinea-Bissau|Kosovo|Latvia|Bahrain
92%
Republic of the Congo|Finland|Norway|Slovakia|Oman|Liberia|Costa Rica|Ireland|Central African Republic|New Zealand|Mauritania|Panama|Kuwait|Croatia|Moldova|Georgia|Eritrea|Uruguay|Mongolia|Bosnia and Herzegovina|Jamaica|Armenia|Qatar|Albania|Lithuania|Namibia|Gambia|Botswana|Gabon|Lesotho|North Macedonia|Slovenia|Guinea-Bissau|Kosovo|Latvia|Bahrain|Equatorial Guinea
92%
Sierra Leone|Laos|Paraguay|Libya|Bulgaria|Lebanon|Nicaragua|Kyrgyzstan|El Salvador|Turkmenistan|Singapore|Denmark|Republic of the Congo|Finland|Norway|Slovakia|Oman|Liberia|Costa Rica|Ireland|Central African Republic|New Zealand|Mauritania|Panama|Kuwait|Croatia|Moldova|Georgia|Eritrea|Uruguay|Mongolia|Bosnia and Herzegovina|Jamaica|Armenia|Qatar|Albania|Lithuania|Namibia|Gambia|Botswana|Gabon|Lesotho|North Macedonia|Slovenia
92%
Singapore|Denmark|Republic of the Congo|Finland|Norway|Slovakia|Oman|Liberia|Costa Rica|Ireland|Central African Republic|New Zealand|Mauritania|Panama|Kuwait|Croatia|Moldova|Georgia|Eritrea|Uruguay|Mongolia|Bosnia and Herzegovina|Jamaica|Armenia|Qatar|Albania|Lithuania|Namibia|Gambia|Botswana|Gabon|Lesotho|North Macedonia|Slovenia|Guinea-Bissau|Kosovo|Latvia|Bahrain
92%
Switzerland|Serbia|Togo|Sierra Leone|Laos|Paraguay|Libya|Bulgaria|Lebanon|Nicaragua|Kyrgyzstan|El Salvador|Turkmenistan|Singapore|Denmark|Republic of the Congo|Finland|Norway|Slovakia|Oman|Liberia|Costa Rica|Ireland|Central African Republic|New Zealand|Mauritania|Panama|Kuwait|Croatia|Moldova|Georgia|Eritrea|Uruguay|Mongolia|Bosnia and Herzegovina|Jamaica|Armenia|Qatar|Albania|Lithuania|Namibia|Gambia|Botswana|Gabon
92%
Tajikistan|Hungary|Belarus|Papua New Guinea|Austria|Israel|Switzerland|Serbia|Togo|Sierra Leone|Laos|Paraguay|Libya|Bulgaria|Lebanon|Nicaragua|Kyrgyzstan|El Salvador|Turkmenistan|Singapore|Denmark|Republic of the Congo|Finland|Norway|Slovakia|Oman|Liberia|Costa Rica|Ireland|Central African Republic|New Zealand|Mauritania|Panama|Kuwait|Croatia|Moldova|Georgia|Eritrea|Uruguay|Mongolia|Bosnia and Herzegovina|Jamaica|Armenia|Qatar|Albania|Lithuania|Namibia
92%
Tajikistan|Hungary|Belarus|Papua New Guinea|Austria|Israel|Switzerland|Serbia|Togo|Sierra Leone|Laos|Paraguay|Libya|Bulgaria|Lebanon|Nicaragua|Kyrgyzstan|El Salvador|Turkmenistan|Singapore|Denmark|Republic of the Congo|Finland|Norway|Slovakia|Oman|Liberia|Costa Rica|Ireland|Central African Republic|New Zealand|Mauritania|Panama|Kuwait|Croatia|Moldova|Georgia|Eritrea|Uruguay|Mongolia|Bosnia and Herzegovina|Jamaica|Armenia|Qatar|Albania|Lithuania|Namibia|Gambia
92%
Togo|Sierra Leone|Laos|Paraguay|Libya|Bulgaria|Lebanon|Nicaragua|Kyrgyzstan|El Salvador|Turkmenistan|Singapore|Denmark|Republic of the Congo|Finland|Norway|Slovakia|Oman|Liberia|Costa Rica|Ireland|Central African Republic|New Zealand|Mauritania|Panama|Kuwait|Croatia|Moldova|Georgia|Eritrea|Uruguay|Mongolia|Bosnia and Herzegovina|Jamaica|Armenia|Qatar|Albania|Lithuania|Namibia|Gambia|Botswana|Gabon
92%
Cyprus|Eswatini|Djibouti|Fiji|Comoros|Guyana|Bhutan|Solomon Islands|Luxembourg|Montenegro|Suriname|Cape Verde|Maldives|Malta|Brunei|Belize|Bahamas|Iceland
91%
Cyprus|Eswatini|Djibouti|Fiji|Comoros|Guyana|Bhutan|Solomon Islands|Luxembourg|Montenegro|Suriname|Cape Verde|Maldives|Malta|Brunei|Belize|Bahamas|Iceland|Vanuatu
91%
Djibouti|Fiji|Comoros|Guyana|Bhutan|Solomon Islands|Luxembourg|Montenegro|Suriname|Cape Verde|Maldives|Malta|Brunei|Belize|Bahamas|Iceland|Vanuatu|Barbados
91%
Eswatini|Djibouti|Fiji|Comoros|Guyana|Bhutan|Solomon Islands|Luxembourg|Montenegro|Suriname|Cape Verde|Maldives|Malta|Brunei|Belize|Bahamas|Iceland|Vanuatu
91%
Central African Republic|New Zealand|Mauritania|Panama|Kuwait|Croatia|Moldova|Georgia|Eritrea|Uruguay|Mongolia|Bosnia and Herzegovina|Jamaica|Armenia|Qatar|Albania|Lithuania|Namibia|Gambia|Botswana|Gabon|Lesotho|North Macedonia|Slovenia|Guinea-Bissau|Kosovo|Latvia|Bahrain|Equatorial Guinea|Trinidad and Tobago|East Timor|Estonia|Mauritius
89%
Costa Rica|Ireland|Central African Republic|New Zealand|Mauritania|Panama|Kuwait|Croatia|Moldova|Georgia|Eritrea|Uruguay|Mongolia|Bosnia and Herzegovina|Jamaica|Armenia|Qatar|Albania|Lithuania|Namibia|Gambia|Botswana|Gabon|Lesotho|North Macedonia|Slovenia|Guinea-Bissau|Kosovo|Latvia|Bahrain|Equatorial Guinea|Trinidad and Tobago|East Timor|Estonia
89%
Guyana|Bhutan|Solomon Islands|Luxembourg|Montenegro|Suriname|Cape Verde|Maldives|Malta|Brunei|Belize|Bahamas|Iceland|Vanuatu|Barbados|Sao Tome and Principe|Samoa
89%
Oman|Liberia|Costa Rica|Ireland|Central African Republic|New Zealand|Mauritania|Panama|Kuwait|Croatia|Moldova|Georgia|Eritrea|Uruguay|Mongolia|Bosnia and Herzegovina|Jamaica|Armenia|Qatar|Albania|Lithuania|Namibia|Gambia|Botswana|Gabon|Lesotho|North Macedonia|Slovenia|Guinea-Bissau|Kosovo|Latvia|Bahrain|Equatorial Guinea|Trinidad and Tobago
89%
Uruguay|Mongolia|Bosnia and Herzegovina|Jamaica|Armenia|Qatar|Albania|Lithuania|Namibia|Gambia|Botswana|Gabon|Lesotho|North Macedonia|Slovenia|Guinea-Bissau|Kosovo|Latvia|Bahrain|Equatorial Guinea|Trinidad and Tobago|East Timor|Estonia|Mauritius|Cyprus|Eswatini|Djibouti|Fiji|Comoros
89%
Botswana|Gabon|Lesotho|North Macedonia|Slovenia|Guinea-Bissau|Kosovo|Latvia|Bahrain|Equatorial Guinea|Trinidad and Tobago|East Timor|Estonia|Mauritius|Cyprus|Eswatini|Djibouti|Fiji|Comoros|Guyana|Bhutan|Solomon Islands|Luxembourg|Montenegro
88%
Croatia|Moldova|Georgia|Eritrea|Uruguay|Mongolia|Bosnia and Herzegovina|Jamaica|Armenia|Qatar|Albania|Lithuania|Namibia|Gambia|Botswana|Gabon|Lesotho|North Macedonia|Slovenia|Guinea-Bissau|Kosovo|Latvia|Bahrain|Equatorial Guinea|Trinidad and Tobago|East Timor|Estonia|Mauritius|Cyprus|Eswatini
88%
Eritrea|Uruguay|Mongolia|Bosnia and Herzegovina|Jamaica|Armenia|Qatar|Albania|Lithuania|Namibia|Gambia|Botswana|Gabon|Lesotho|North Macedonia|Slovenia|Guinea-Bissau|Kosovo|Latvia|Bahrain|Equatorial Guinea|Trinidad and Tobago|East Timor|Estonia|Mauritius|Cyprus|Eswatini|Djibouti
88%
Gabon|Lesotho|North Macedonia|Slovenia|Guinea-Bissau|Kosovo|Latvia|Bahrain|Equatorial Guinea|Trinidad and Tobago|East Timor|Estonia|Mauritius|Cyprus|Eswatini|Djibouti|Fiji|Comoros|Guyana|Bhutan|Solomon Islands|Luxembourg|Montenegro|Suriname
88%
Guyana|Bhutan|Solomon Islands|Luxembourg|Montenegro|Suriname|Cape Verde|Maldives|Malta|Brunei|Belize|Bahamas|Iceland|Vanuatu|Barbados|Sao Tome and Principe
88%
Mauritania|Panama|Kuwait|Croatia|Moldova|Georgia|Eritrea|Uruguay|Mongolia|Bosnia and Herzegovina|Jamaica|Armenia|Qatar|Albania|Lithuania|Namibia|Gambia|Botswana|Gabon|Lesotho|North Macedonia|Slovenia|Guinea-Bissau|Kosovo|Latvia|Bahrain|Equatorial Guinea|Trinidad and Tobago|East Timor|Estonia|Mauritius|Cyprus
88%
Moldova|Georgia|Eritrea|Uruguay|Mongolia|Bosnia and Herzegovina|Jamaica|Armenia|Qatar|Albania|Lithuania|Namibia|Gambia|Botswana|Gabon|Lesotho|North Macedonia|Slovenia|Guinea-Bissau|Kosovo|Latvia|Bahrain|Equatorial Guinea|Trinidad and Tobago|East Timor|Estonia|Mauritius|Cyprus|Eswatini
88%
Panama|Kuwait|Croatia|Moldova|Georgia|Eritrea|Uruguay|Mongolia|Bosnia and Herzegovina|Jamaica|Armenia|Qatar|Albania|Lithuania|Namibia|Gambia|Botswana|Gabon|Lesotho|North Macedonia|Slovenia|Guinea-Bissau|Kosovo|Latvia|Bahrain|Equatorial Guinea|Trinidad and Tobago|East Timor|Estonia|Mauritius|Cyprus|Eswatini
88%
Albania|Lithuania|Namibia|Gambia|Botswana|Gabon|Lesotho|North Macedonia|Slovenia|Guinea-Bissau|Kosovo|Latvia|Bahrain|Equatorial Guinea|Trinidad and Tobago|East Timor|Estonia|Mauritius|Cyprus|Eswatini|Djibouti|Fiji|Comoros|Guyana|Bhutan
86%
Equatorial Guinea|Trinidad and Tobago|East Timor|Estonia|Mauritius|Cyprus|Eswatini|Djibouti|Fiji|Comoros|Guyana|Bhutan|Solomon Islands|Luxembourg|Montenegro|Suriname|Cape Verde|Maldives|Malta|Brunei|Belize|Bahamas
86%
Gambia|Botswana|Gabon|Lesotho|North Macedonia|Slovenia|Guinea-Bissau|Kosovo|Latvia|Bahrain|Equatorial Guinea|Trinidad and Tobago|East Timor|Estonia|Mauritius|Cyprus|Eswatini|Djibouti|Fiji|Comoros|Guyana|Bhutan|Solomon Islands
86%
Lithuania|Namibia|Gambia|Botswana|Gabon|Lesotho|North Macedonia|Slovenia|Guinea-Bissau|Kosovo|Latvia|Bahrain|Equatorial Guinea|Trinidad and Tobago|East Timor|Estonia|Mauritius|Cyprus|Eswatini|Djibouti|Fiji|Comoros|Guyana|Bhutan|Solomon Islands
86%
Luxembourg|Montenegro|Suriname|Cape Verde|Maldives|Malta|Brunei|Belize|Bahamas|Iceland|Vanuatu|Barbados|Sao Tome and Principe|Samoa|Saint Lucia
86%
Namibia|Gambia|Botswana|Gabon|Lesotho|North Macedonia|Slovenia|Guinea-Bissau|Kosovo|Latvia|Bahrain|Equatorial Guinea|Trinidad and Tobago|East Timor|Estonia|Mauritius|Cyprus|Eswatini|Djibouti|Fiji|Comoros|Guyana|Bhutan|Solomon Islands
86%
Trinidad and Tobago|East Timor|Estonia|Mauritius|Cyprus|Eswatini|Djibouti|Fiji|Comoros|Guyana|Bhutan|Solomon Islands|Luxembourg|Montenegro|Suriname|Cape Verde|Maldives|Malta|Brunei|Belize|Bahamas
86%
Montenegro|Suriname|Cape Verde|Maldives|Malta|Brunei|Belize|Bahamas|Iceland|Vanuatu|Barbados|Sao Tome and Principe|Samoa|Saint Lucia
85%
Bahrain|Equatorial Guinea|Trinidad and Tobago|East Timor|Estonia|Mauritius|Cyprus|Eswatini|Djibouti|Fiji|Comoros|Guyana|Bhutan|Solomon Islands|Luxembourg|Montenegro|Suriname|Cape Verde|Maldives
83%
Kosovo|Latvia|Bahrain|Equatorial Guinea|Trinidad and Tobago|East Timor|Estonia|Mauritius|Cyprus|Eswatini|Djibouti|Fiji|Comoros|Guyana|Bhutan|Solomon Islands|Luxembourg|Montenegro|Suriname|Cape Verde|Maldives
83%
Malta|Brunei|Belize|Bahamas|Iceland|Vanuatu|Barbados|Sao Tome and Principe|Samoa|Saint Lucia|Kiribati|Federated States of Micronesia|Grenada
82%
Belize|Bahamas|Iceland|Vanuatu|Barbados|Sao Tome and Principe|Samoa|Saint Lucia|Kiribati|Federated States of Micronesia|Grenada|Saint Vincent and the Grenadines|Tonga
80%
Iceland|Vanuatu|Barbados|Sao Tome and Principe|Samoa|Saint Lucia|Kiribati|Federated States of Micronesia|Grenada|Saint Vincent and the Grenadines|Tonga|Seychelles|Antigua and Barbuda
79%
Cape Verde|Maldives|Malta|Brunei|Belize|Bahamas|Iceland|Vanuatu|Barbados|Sao Tome and Principe|Samoa|Saint Lucia
77%
Kiribati|Federated States of Micronesia|Grenada|Saint Vincent and the Grenadines|Tonga|Seychelles|Antigua and Barbuda|Andorra|Dominica|Marshall Islands|Saint Kitts and Nevis|Monaco|Liechtenstein
70%
Kiribati|Federated States of Micronesia|Grenada|Saint Vincent and the Grenadines|Tonga|Seychelles|Antigua and Barbuda|Andorra|Dominica|Marshall Islands|Saint Kitts and Nevis|Monaco
68%
Sao Tome and Principe|Samoa|Saint Lucia|Kiribati|Federated States of Micronesia|Grenada|Saint Vincent and the Grenadines|Tonga|Seychelles|Antigua and Barbuda|Andorra|Dominica|Marshall Islands
68%
Federated States of Micronesia|Grenada|Saint Vincent and the Grenadines|Tonga|Seychelles|Antigua and Barbuda|Andorra|Dominica|Marshall Islands|Saint Kitts and Nevis|Monaco|Liechtenstein|San Marino
67%
Samoa|Saint Lucia|Kiribati|Federated States of Micronesia|Grenada|Saint Vincent and the Grenadines|Tonga|Seychelles|Antigua and Barbuda|Andorra|Dominica|Marshall Islands|Saint Kitts and Nevis
67%
Sao Tome and Principe|Samoa|Saint Lucia|Kiribati|Federated States of Micronesia|Grenada|Saint Vincent and the Grenadines|Tonga|Seychelles|Antigua and Barbuda|Andorra|Dominica
67%
Saint Lucia|Kiribati|Federated States of Micronesia|Grenada|Saint Vincent and the Grenadines|Tonga|Seychelles|Antigua and Barbuda|Andorra|Dominica|Marshall Islands|Saint Kitts and Nevis
65%
Samoa|Saint Lucia|Kiribati|Federated States of Micronesia|Grenada|Saint Vincent and the Grenadines|Tonga|Seychelles|Antigua and Barbuda|Andorra|Dominica|Marshall Islands
65%
Tonga|Seychelles|Antigua and Barbuda|Andorra|Dominica|Marshall Islands|Saint Kitts and Nevis|Monaco|Liechtenstein|San Marino
58%
San Marino|Palau|Tuvalu|Nauru
52%
Marshall Islands|Saint Kitts and Nevis|Monaco|Liechtenstein|San Marino|Palau
50%
Palau|Tuvalu|Nauru
50%
Andorra|Dominica|Marshall Islands|Saint Kitts and Nevis|Monaco|Liechtenstein|San Marino
41%
Dominica|Marshall Islands|Saint Kitts and Nevis|Monaco|Liechtenstein|San Marino
39%
Vatican City
36%
No matching quizzes found
Score Distribution
Percent of People with Each Score
Percentile by Number Answered
Your Score History
You have not taken this quiz